[Event "XLIII WJun"]
[Site "Kochin IND"]
[Date "2004.11.20"]
[Round "1"]
[White "Louw,D"]
[Black "Lafuente,P"]
[Result "1-0"]
[WhiteElo "2187"]
[BlackElo "2473"]

1.e4 c5 2.Nf3 e6 3.d4 cxd4 4.Nxd4 Nc6 5.Nc3 Qc7 6.g3 a6 7.a4 Nf6 8.Bg2 Be7
9.O-O O-O 10.Re1 d6 11.Nb3 b6 12.f4 Bb7 13.Qe2 Rfe8 14.Be3 Nd7 15.Rad1 Nc5
16.Nxc5 bxc5 17.Qf2 Rab8 18.g4 Ba8 19.Bc1 Nb4 20.g5 Bf8 21.Re3 g6 22.Rh3 Qe7
23.f5 exf5 24.exf5 Bxg2 25.Kxg2 Qb7+ 26.Kg1 Re5 27.Qh4 h5 28.gxh6 Rxf5 29.Bg5 Kh7
30.Ne4 Re8 31.Nf6+ Rxf6 32.Bxf6 Nxc2 33.Qf4 Re4 34.Qf3 d5 35.Qf2 Nb4 36.Rf1 Nc6
37.Bg7 Rg4+ 38.Rg3 Rxg3+ 39.hxg3 Bxg7 40.hxg7 Kxg7 41.Qf6+ Kg8 42.Rf4 Qc7
43.Kg2 Kf8 44.Qh8+ Ke7 45.Rxf7+  1-0

[Event "XXI WJun Women"]
[Site "Kochin IND"]
[Date "2004.11.20"]
[Round "1"]
[White "Vinuthna,N"]
[Black "Anuprita,P"]
[Result "1-0"]
[WhiteElo "2229"]
[BlackElo "2081"]

1.e4 c5 2.Nf3 e6 3.d4 cxd4 4.Nxd4 Nc6 5.Nc3 Qc7 6.Be2 a6 7.O-O Nf6 8.Kh1 Be7
9.f4 Nxd4 10.Qxd4 Bc5 11.Qd3 d6 12.Qg3 g6 13.f5 Bd4 14.Qh4 Nd7 15.Bh6 Nc5
16.Rad1 Be5 17.Bf4 Qe7 18.Qf2 Nd7 19.Bxe5 dxe5 20.fxe6 fxe6 21.Qe3 Qg7 22.Bc4 Nf6
23.Qb6 O-O 24.Bxe6+ Kh8 25.Rd8 Bxe6 26.Rxa8 Rxa8 27.Qxe6 Nd7 28.h3 Rf8 29.Rxf8+ Nxf8
30.Qe8 h5 31.Nd5 Kh7 32.c3 Kh6 33.b4 Nd7 34.Kg1 Nf6 35.Qxe5 Nd7 36.Qxg7+ Kxg7
37.Kf2 Kf7 38.Ke3 Ke6 39.Kd4 Ne5 40.Nf4+ Kf6 41.Nd3 Nc6+ 42.Kd5 Kg5 43.g3 Kf6
44.e5+ Ke7 45.Nf4  1-0

[Event "Stek Cup"]
[Site "Tula RUS"]
[Date "2004.11.20"]
[Round "5"]
[White "Kozlov,M1"]
[Black "Yagupov,I"]
[Result "0-1"]
[WhiteElo "2282"]
[BlackElo "2509"]

1.e4 c5 2.Nf3 Nc6 3.Nc3 e6 4.d4 cxd4 5.Nxd4 Qc7 6.g3 a6 7.Bg2 Nf6 8.O-O Bc5
9.Nb3 Ba7 10.a4 h6 11.Qe2 d6 12.Be3 Bxe3 13.Qxe3 Nb4 14.Qd2 O-O 15.Rac1 e5
16.Rfd1 Rd8 17.Nd5 Nbxd5 18.exd5 a5 19.Ra1 Bf5 20.c3 Qb6 21.Ra3 Rac8 22.Nc1 Ne4
23.Bxe4 Bxe4 24.Qe2 Bf5 25.Rb3 Qc7 26.Rd2 Bd7 27.Ra3 f5 28.Rc2 f4 29.c4 Bf5
30.Rcc3 b6 31.gxf4 exf4 32.Qd2 Qe7 33.Ne2 Qg5+ 34.Kf1 f3 35.Nf4 Bh3+ 36.Ke1 Qg1+  0-1

[Event "TCh-AUT"]
[Site "Graz AUT"]
[Date "2004.11.21"]
[Round "3"]
[White "Balogh,C"]
[Black "Gavrikov,Vi"]
[Result "1-0"]
[WhiteElo "2527"]
[BlackElo "2552"]

1.e4 c5 2.Nf3 Nc6 3.Nc3 e6 4.d4 cxd4 5.Nxd4 a6 6.Be3 Nf6 7.Qd2 Qc7 8.O-O-O Bb4
9.f3 Ne5 10.Nb3 d5 11.Bd4 O-O 12.Kb1 dxe4 13.Qf4 Bd6 14.Nxe4 Nxe4 15.Qxe4 Nc6
16.Bc3 f5 17.Qe1 b5 18.a3 e5 19.Na5 Nxa5 20.Bxa5 Qc6 21.Qc3 Qxc3 22.Bxc3 Bc7
23.a4 bxa4 24.Bc4+ Kh8 25.Rhe1 Rb8 26.Bxe5 Bxe5 27.Rxe5 Rb4 28.Rd4 h6 29.c3 Rb6
30.Ka2 f4 31.Ra5 g5 32.Rxa4 Kg7 33.Ra5 Re8 34.Rc5 Be6 35.Re4 Bxc4+ 36.Rcxc4 Rd8
37.Rcd4 Rc8 38.h4 Rc5 39.h5 Rc7 40.Rd5 Kf6 41.Re8 Rcb7 42.b4 Rc6 43.Kb3 Rbc7
44.Rd3 Kf7 45.Re4 Rb6 46.Rd5 Rcb7 47.Re2 Kf6 48.Re8 Rc6 49.Rh8 Kg7 50.Rhd8 Rbc7
51.R8d7+ Rxd7 52.Rxd7+ Kf6 53.c4  1-0

[Event "Petrosian Mem Open"]
[Site "Yerevan ARM"]
[Date "2004.11.21"]
[Round "3"]
[White "Frolyanov,D"]
[Black "Gasparian,N"]
[Result "1-0"]
[WhiteElo "2486"]
[BlackElo "2213"]

1.e4 c5 2.Nf3 e6 3.d4 cxd4 4.Nxd4 Nc6 5.Nc3 Qc7 6.g3 a6 7.Bg2 d6 8.O-O Be7
9.a4 Nf6 10.Nb3 b6 11.f4 Bb7 12.Be3 O-O 13.g4 Nd7 14.g5 Rfe8 15.Rf3 Nb4 16.Rh3 g6
17.Qd2 Rad8 18.Qf2 Bf8 19.Rf1 Bg7 20.Bd4 Bxd4 21.Nxd4 f5 22.gxf6 Nxf6 23.Rg3 Nh5
24.Rg5 Nxf4 25.Qxf4 e5 26.Qg3 exd4 27.Ne2 Re5 28.Rxe5 dxe5 29.Qb3+ Nd5 30.exd5 Qd6
31.Ng3 Bxd5 32.Bxd5+ Qxd5 33.Qxb6 Rc8 34.Rf2 e4 35.Qxa6 Rb8 36.b3 e3 37.Rf1 Qe5
38.Qc4+ Kh8 39.a5  1-0

[Event "XXI WJun Women"]
[Site "Kochin IND"]
[Date "2004.11.22"]
[Round "5"]
[White "Saheli,N"]
[Black "Kavitha,J"]
[Result "1-0"]
[WhiteElo "2130"]
[BlackElo "2088"]

1.e4 c5 2.Nf3 e6 3.d4 cxd4 4.Nxd4 Nc6 5.Nc3 a6 6.g3 Qc7 7.Bg2 Nf6 8.O-O d6
9.a4 Be7 10.Be3 Bd7 11.f4 O-O 12.Nb3 Na5 13.Nxa5 Qxa5 14.g4 Bc6 15.g5 Nd7
16.Rf3 Qb4 17.Rh3 Rfc8 18.Ra3 Qa5 19.b4 Qd8 20.Qh5 Nf8 21.a5 Qe8 22.Bd4 f6
23.Qxe8 Rxe8 24.gxf6 gxf6 25.Rg3+ Kh8 26.e5 dxe5 27.fxe5 f5 28.Bxc6 bxc6
29.Na2 Ng6 30.Rad3 Rab8 31.c3 Rb7 32.Rd1 Kg8 33.Nc1 Kf7 34.Nd3 Rd8 35.Kf1 Bf8
36.Ke2 Rbd7 37.Rh3 Kg8 38.Rf3 Rg7 39.Rg3 Kf7 40.Bb6 Rd7 41.Rgg1 Ke8 42.Bd4 Rd5
43.Kd2 Rgd7 44.Kc2 Kd8 45.h4 Nxh4 46.Nf4 Ke7 47.Nxd5+ exd5 48.Rh1 Nf3 49.Rxh7+ Ke8
50.Rxd7 Kxd7 51.Rf1 Nxd4+ 52.cxd4 Bxb4 53.Rxf5 Bxa5 54.Kd3 Bd8 55.Ke3 a5
56.Rf1 Be7 57.Ra1 Bb4 58.Ra2 Ke6 59.Kf4 Kd7 60.Kf5 Bc3 61.Ra3 Bxd4 62.Rxa5 Bb6
63.Ra3 d4 64.Kf6 Bd8+ 65.Kf7 c5 66.e6+ Kd6 67.Ra6+ Kd5 68.Ra8 Bg5 69.Rg8 Bh4
70.Rh8 d3 71.Rxh4 d2 72.Rh1  1-0

[Event "XLIII WJun"]
[Site "Kochin IND"]
[Date "2004.11.22"]
[Round "6"]
[White "Nadj Hedjesi,B"]
[Black "Hasan,Me"]
[Result "1-0"]
[WhiteElo "2337"]
[BlackElo "2251"]

1.e4 c5 2.Nc3 e6 3.Nge2 Nc6 4.d4 cxd4 5.Nxd4 Qc7 6.Be3 a6 7.Be2 Nf6 8.a3 Be7
9.f4 d6 10.g4 b5 11.g5 Nd7 12.f5 Nxd4 13.Qxd4 Ne5 14.O-O-O Bd7 15.Rhf1 Rc8
16.Kb1 Qc5 17.Qd2 Nc4 18.Bxc4 Qxc4 19.Qf2 b4 20.Rd4 Qc7 21.axb4 Rb8 22.h4 a5
23.b5 f6 24.fxe6 Bxb5 25.gxf6 gxf6 26.Nxb5 Rxb5 27.Rd5 Rb4 28.Qf5 a4 29.Bd2 Rc4
30.Qh5+  1-0

[Event "Petrosian Mem Open"]
[Site "Yerevan ARM"]
[Date "2004.11.22"]
[Round "4"]
[White "Petrosian,DG"]
[Black "Galojan,L"]
[Result "1/2-1/2"]
[WhiteElo "2395"]
[BlackElo "2239"]

1.e4 c5 2.Nf3 Nc6 3.d4 cxd4 4.Nxd4 e6 5.Nc3 Qc7 6.Be2 a6 7.O-O Nf6 8.Kh1 Nxd4
9.Qxd4 Bc5 10.Qd3 O-O 11.f4 d6 12.Bf3 Bd7 13.a3 Rfd8 14.f5 h6 15.fxe6 Bxe6
16.Be2 d5 17.Bf4 dxe4 18.Nxe4 Rxd3 19.Nxf6+ gxf6 20.Bxc7 Rd2 21.Bf3 Rxc2
22.Rac1 Rxc1 23.Rxc1 Be3 24.Rc2 Bf5 25.Re2 Rc8 26.Rxe3 Rxc7 27.h3 Be6 28.Re4 a5  1/2-1/2

[Event "Petrosian Mem Open"]
[Site "Yerevan ARM"]
[Date "2004.11.22"]
[Round "4"]
[White "Hovhannisyan,R"]
[Black "Ordian,V"]
[Result "1-0"]
[WhiteElo "2233"]
[BlackElo "2378"]

1.e4 c5 2.Nf3 e6 3.d4 cxd4 4.Nxd4 Nc6 5.Nc3 Qc7 6.Be2 a6 7.O-O d6 8.Be3 Nf6
9.f4 Be7 10.Qe1 O-O 11.Qg3 Bd7 12.Rad1 Rfe8 13.e5 dxe5 14.fxe5 Nxe5 15.Bh6 g6
16.Kh1 Rac8 17.Bf4 Bd6 18.Nb3 Nd5 19.Rxd5 exd5 20.Nxd5 Qxc2 21.Nd4 Qxb2 22.Nf6+ Kg7
23.Qg5 Qxd4 24.Be3 Qxe3 25.Nxe8+ Rxe8 26.Qxe3 Bc6 27.Qf4 Bf8 28.Bd1 f5 29.Qd4 Kf6
30.Bf3 Bb5 31.Re1 Re7 32.Qd6+  1-0

[Event "Acropolis IM Open"]
[Site "Athens GRE"]
[Date "2004.11.23"]
[Round "8"]
[White "Solak,D"]
[Black "Halkias,S"]
[Result "1/2-1/2"]
[WhiteElo "2563"]
[BlackElo "2526"]

1.e4 c5 2.Nc3 Nc6 3.Nf3 e6 4.d4 cxd4 5.Nxd4 Nf6 6.Nxc6 bxc6 7.e5 Nd5 8.Ne4 Qa5+
9.c3 f5 10.Nd2 Ba6 11.Bxa6 Qxa6 12.Qe2 Qxe2+ 13.Kxe2 g5 14.Nf3 h6 15.h4 g4
16.Ne1 c5 17.Nd3 c4 18.Nf4 Ne7 19.Nh5 Ng6 20.Bf4 Be7 21.g3 Rb8 22.b4 cxb3
23.axb3 Rb7 24.b4 Kf7 25.Kd3 Rc8 26.Rhe1 Nxf4+ 27.Nxf4 Rbc7 28.Ne2 d6 29.exd6 Bxd6
30.Ra5 Rd7 31.Nd4 Bxb4 32.cxb4 Rcd8 33.Kc3 Rxd4 34.Rxa7+ Kf6 35.Rh7 Rd3+
36.Kc2 Rd2+ 37.Kb3 R8d3+ 38.Ka4 Rxf2 39.Rxh6+ Kf7 40.Rexe6 Rxg3 41.Rhf6+ Kg8
42.h5 Rh3 43.h6 Ra2+ 44.Kb5 Ra8 45.Rxf5 Kh8 46.Rg5 g3 47.Kc5 Rg8 48.Rxg8+ Kxg8
49.b5 Kh7 50.Re1 g2 51.Rg1 Rc3+ 52.Kb4 Rc2 53.Kb3 Rc5 54.Ka4 Rc2 55.b6 Rb2
56.Ka5 Kxh6 57.Ka6 Kh5 58.b7 Ra2+ 59.Kb6 Rb2+ 60.Kc7 Rc2+ 61.Kb8 Rb2 62.Rc1 Kg4
63.Kc7 Rxb7+  1/2-1/2

[Event "XXI WJun Women"]
[Site "Kochin IND"]
[Date "2004.11.25"]
[Round "9"]
[White "Nadig,K"]
[Black "Anuprita,P"]
[Result "1-0"]
[WhiteElo "2182"]
[BlackElo "2081"]

1.e4 c5 2.Nf3 e6 3.d4 cxd4 4.Nxd4 Nc6 5.Nc3 Qc7 6.Be2 a6 7.O-O Nf6 8.Kh1 Be7
9.f4 d6 10.a4 O-O 11.Be3 Bd7 12.Qe1 Nxd4 13.Bxd4 Bc6 14.Qg3 b6 15.Rae1 Rfd8
16.Bd3 Kh8 17.e5 dxe5 18.Bxe5 Qd7 19.Qh3 h6 20.f5 exf5 21.Bxf5 Qa7 22.Ne4 Bxe4
23.Bxe4 Qd7 24.Qxd7 Nxd7 25.Bxa8 Nxe5 26.Rxe5 Bf6 27.Rd5 Rxa8 28.b3 Rc8 29.Rf2 a5
30.g3 Kg8 31.Re2 Kf8 32.Rd6 Rb8 33.Rd7 Bg5 34.Kg2 Bf6 35.h4 Kg8 36.Kh3 Rc8
37.Rd6 Rb8 38.Rc6 Bd4 39.Re7 Rf8 40.Rec7 f5 41.Rc8 Rxc8 42.Rxc8+ Kf7 43.Rc6 Ke7
44.Kg2 Kd7 45.Rc4 Be5 46.h5 Kd6 47.Kf3 Kd5 48.c3 Bb8 49.g4 fxg4+ 50.Kxg4 Bd6
51.Kf5 Be5 52.Rc8 Bf6 53.Kg6 Ke4 54.Rc6 Be5 55.Re6 Kd5 56.Rxe5+ Kxe5 57.Kxg7 Ke4
58.Kxh6 Kd3 59.b4  1-0

[Event "17th Belgrade Trophy"]
[Site "Obrenovac SCG"]
[Date "2004.11.26"]
[Round "5"]
[White "Muratovic,A"]
[Black "Lapcevic,M"]
[Result "1-0"]
[WhiteElo "2376"]
[BlackElo "2212"]

1.e4 c5 2.Nf3 e6 3.d4 cxd4 4.Nxd4 Nc6 5.Nc3 Qc7 6.Be2 a6 7.f4 b5 8.Nxc6 Qxc6
9.Bf3 Bb7 10.Be3 Rc8 11.a3 b4 12.axb4 Bxb4 13.Bd4 Nf6 14.O-O Bxc3 15.bxc3 Nxe4
16.Bxg7 Rg8 17.Bd4 Qc7 18.Qe2 Nc5 19.f5 Rg5 20.fxe6 dxe6 21.Qe3 Rf5 22.Bxb7 Rxf1+
23.Rxf1 Nxb7 24.Qd3 Qc4 25.Qxh7 Nd6 26.Qh8+ Kd7 27.Qe5 Qc6 28.Rd1 Rg8 29.g3 Qe4
30.Qa5 Qxc2 31.Ra1 Rb8 32.Qxa6 Rb1+ 33.Rxb1 Qxb1+ 34.Qf1 Qe4 35.Bc5 Qd5 36.Bxd6 Kxd6
37.Qa6+ Ke5 38.Qe2+ Kd6 39.Qe3 e5 40.h4 f5 41.Kf2 Qa2+ 42.Qe2 Qa7+ 43.Kg2 Qb7+
44.Kh2 Qd5 45.h5 f4 46.h6 fxg3+ 47.Kxg3 Qh1 48.Kg4 e4 49.Kg5 Ke6 50.Qg4+ Ke7
51.Kg6 Qf3 52.Qg5+ Ke6 53.h7 Qf7+ 54.Kh6 Qf8+ 55.Kh5 Kd6 56.Qh6+ Ke7 57.Qxf8+  1-0

[Event "17th Belgrade Trophy"]
[Site "Obrenovac SCG"]
[Date "2004.11.26"]
[Round "5"]
[White "Damjanovic,L"]
[Black "Jovanovic,Zo1"]
[Result "0-1"]
[WhiteElo "2111"]
[BlackElo "2389"]

1.e4 c5 2.Nf3 Nc6 3.d4 cxd4 4.Nxd4 e6 5.Nc3 a6 6.Be3 Qc7 7.Be2 Nf6 8.O-O Bb4
9.Na4 Be7 10.Nxc6 bxc6 11.Nb6 Rb8 12.Nxc8 Qxc8 13.Bd4 O-O 14.e5 Nd5 15.g3 c5
16.c4 Nb4 17.Bc3 Qc7 18.Bf3 Nc6 19.Re1 Nd4 20.Be4 g6 21.Qd3 d6 22.exd6 Bxd6
23.Rad1 Be5 24.Qe3 a5 25.Rd2 Rfd8 26.Red1 Bg7 27.Rd3 a4 28.Qe1 Rd6 29.Qd2 Qa7
30.Kf1 Qa6 31.Rc1 Rbd8 32.Bxd4 Bxd4 33.b3 Rb8 34.Qc2 Rdb6 35.Kg1 Qa7 36.Rb1 Qa5
37.Kg2 Qa7 38.Kg1 Qe7 39.Bf3 Qg5 40.Kg2 Qf5 41.Qe2 Rb4 42.Qc2 h5 43.Qd1 e5
44.Qe2 h4 45.Bd5 h3+ 46.Kg1 Rf8 47.g4 Qg5 48.Rxh3 Rb6 49.Kg2 Rf6 50.Rf1 a3
51.Rg3 Kg7 52.f3 Rh8 53.Rh3 Rxh3 54.Kxh3 Rf4 55.Kg3 f5 56.h3 Qf6 57.Qd2 Qb6
58.Rb1 Qd6 59.Kg2 Bb2 60.Re1 Qb6 61.Qf2 e4 62.Qh4 Bf6 63.Qf2 Rxf3 64.Qg1 Qd6
65.Qh2 Rf2+  0-1

[Event "17th Belgrade Trophy"]
[Site "Obrenovac SCG"]
[Date "2004.11.26"]
[Round "5"]
[White "Bojovic,D"]
[Black "Urosevic,M"]
[Result "1-0"]
[WhiteElo "2166"]
[BlackElo "2070"]

1.e4 c5 2.Nf3 e6 3.d4 cxd4 4.Nxd4 Nc6 5.Nc3 Qc7 6.g3 a6 7.Bg2 Nf6 8.O-O h6
9.Be3 Ne5 10.a4 Bb4 11.Na2 Bc5 12.b3 Neg4 13.Bc1 Qb6 14.c3 O-O 15.h3 Ne5
16.a5 Qc7 17.f4 Nc6 18.b4 Ba7 19.Be3 e5 20.Nc2 Bxe3+ 21.Nxe3 Ne7 22.Nd5 Nexd5
23.exd5 exf4 24.d6 Qb8 25.Rxf4 Ra7 26.Qd4 Re8 27.c4 b5 28.axb6 Ra8 29.Bxa8 Qxa8
30.Nc3 Bb7 31.Kh2 Qc8 32.b5 axb5 33.cxb5 Re6 34.Qc4 Qe8 35.Ra7 Rxd6 36.Rf2 Qe1
37.Qf1 Qxf1 38.Rxf1 Rd2+ 39.Kg1 Rg2+ 40.Kh1 Rf2+ 41.Rxb7 Rxf1+ 42.Kg2 Rc1
43.Rb8+ Kh7 44.b7 Rc2+ 45.Kf1 Rxc3 46.Rc8  1-0

[Event "17th Belgrade Trophy"]
[Site "Obrenovac SCG"]
[Date "2004.11.26"]
[Round "5"]
[White "Kojovic,D"]
[Black "Tosic,M"]
[Result "0-1"]
[WhiteElo "2352"]
[BlackElo "2489"]

1.e4 c5 2.Nf3 e6 3.d4 cxd4 4.Nxd4 Nc6 5.Nc3 Qc7 6.Be2 a6 7.O-O Nf6 8.Be3 Be7
9.f4 d6 10.Kh1 Bd7 11.Qe1 b5 12.a3 Rc8 13.Qg3 g6 14.Rad1 h5 15.e5 dxe5 16.Nxc6 Bxc6
17.fxe5 Ng4 18.Bxg4 hxg4 19.Kg1 Rh5 20.Bd4 Bb7 21.Qf4 Rf5 22.Qh6 Bg5 23.Qg7 Qc6
24.Ne4 Qxe4 25.Qg8+ Kd7 26.Bb6+ Bd5  0-1

[Event "National Chess Congress"]
[Site "Philadephia USA"]
[Date "2004.11.26"]
[Round "1"]
[White "Sena,J"]
[Black "Rohde,M"]
[Result "0-1"]
[WhiteElo "2200"]
[BlackElo "2506"]

1.e4 c5 2.Nf3 e6 3.d4 cxd4 4.Nxd4 Nc6 5.Nc3 Qc7 6.Be3 a6 7.Bd3 Nf6 8.O-O Ne5
9.h3 Bc5 10.Qe2 d6 11.f4 Ned7 12.Kh1 b5 13.a3 Bb7 14.Rae1 O-O 15.Qf2 Rad8
16.Nde2 Bxe3 17.Qxe3 Qc5 18.Nc1 Qxe3 19.Rxe3 Nc5 20.Nb3 Nxb3 21.cxb3 d5 22.exd5 Nxd5
23.Nxd5 Bxd5 24.a4 Bxb3 25.axb5 Rxd3 26.Rxd3 Bc4 27.Rfd1 Bxd3 28.Rxd3 axb5
29.Rd7 Rb8 30.b4 h6 31.Rc7 Rd8 32.Rb7 Rd5 33.Kg1 g5 34.fxg5 hxg5 35.Kf2 Kg7
36.Ke3 Kg6 37.g4 f5 38.gxf5+ exf5 39.Rb6+ Kh5 40.Kf3 Rd3+ 41.Kg2 f4 42.Rb8 Rg3+
43.Kh2 Rb3 44.Rxb5 Kh4 45.Kg2 Rg3+ 46.Kf2 Rxh3 47.Rb8 Rb3 48.b5 Kg4 49.b6 Rb2+
50.Ke1 f3  0-1

[Event "ch-VIE"]
[Site "Ha Long City VIE"]
[Date "2004.11.27"]
[Round "2"]
[White "Nguyen Van Huy"]
[Black "Bui Vinh"]
[Result "0-1"]
[WhiteElo "2325"]
[BlackElo "2467"]

1.e4 c5 2.Nf3 e6 3.d4 cxd4 4.Nxd4 Nc6 5.Nc3 Qc7 6.Be2 a6 7.O-O Nf6 8.a3 Be7
9.Be3 O-O 10.f4 d6 11.Qe1 Nxd4 12.Bxd4 e5 13.Be3 exf4 14.Bxf4 Be6 15.Qg3 Kh8
16.Rad1 Qb6+ 17.Kh1 Qxb2 18.e5 dxe5 19.Bxe5 Qxa3 20.Rd4 Rac8 21.Rdf4 Rc5
22.Rxf6 gxf6 23.Rxf6 Rxe5 24.Qxe5 Bd6 25.Qh5 Qxc3 26.Bd3 Qa1+  0-1

[Event "Bundesliga 2004-5"]
[Site "Preetzer GER"]
[Date "2004.11.27"]
[Round "3"]
[White "Heinemann,T"]
[Black "Andersson,U"]
[Result "1/2-1/2"]
[WhiteElo "2453"]
[BlackElo "2580"]

1.e4 c5 2.Nf3 e6 3.d4 cxd4 4.Nxd4 Nc6 5.Nc3 a6 6.Be3 Nf6 7.Nxc6 bxc6 8.e5 Nd5
9.Nxd5 cxd5 10.Bd3 Qc7 11.Bd4 Bc5 12.Qg4 Bxd4 13.Qxd4 a5 14.O-O Ba6 15.Rac1 O-O
16.c4 dxc4 17.Bxc4 Qb7 18.Rfd1 Bxc4 19.Rxc4 Rfc8 20.Rdc1 h6 21.h4 Rxc4 22.Rxc4 Rc8
23.Rxc8+ Qxc8 24.Kh2 Qc7 25.Kh3 h5 26.a3 Qc2 27.Kh2 a4 28.Qxd7 Qxf2 29.Qxa4 Qxb2
30.Qe8+ Kh7 31.Qxf7 Qxe5+ 32.Kh3 Qa5 33.Qf3 Kg8 34.Qb3 Qf5+ 35.Kh2 Qe5+ 36.Qg3 Qa5
37.Qb8+ Kh7 38.Qb4 Qe5+ 39.Kg1 Qe3+ 40.Kh1 e5 41.a4 e4 42.a5 Qd3 43.a6 Qxa6
44.Qxe4+  1/2-1/2

[Event "Bundesliga 2004-5"]
[Site "Stuttgart GER"]
[Date "2004.11.27"]
[Round "3"]
[White "Polzin,R"]
[Black "Ribli,Z"]
[Result "1-0"]
[WhiteElo "2517"]
[BlackElo "2603"]

1.e4 c5 2.Nf3 e6 3.d4 cxd4 4.Nxd4 Nc6 5.Nc3 Qc7 6.Be2 a6 7.O-O Nf6 8.Be3 Be7
9.f4 d6 10.a4 O-O 11.Kh1 Re8 12.Bf3 Bf8 13.Nb3 b6 14.a5 bxa5 15.e5 dxe5 16.fxe5 Rd8
17.Bd2 Nd5 18.Nxd5 exd5 19.Nd4 Be6 20.Nxc6 Qxc6 21.b3 Rd7 22.Rxa5 Qc7 23.Re1 g6
24.Ra2 Bg7 25.Qa1 h6 26.Ba5 Qc8 27.Bb6 Rb8 28.Bd4 Rc7 29.Bd1 Rc6 30.c3 Bf5
31.Bf3 Qe6 32.Ra5 Rd8 33.Qd1 g5 34.h3 Be4 35.Re3 f5 36.exf6 Bxf6 37.Rxd5 Rxd5
38.Rxe4 Qd7 39.Re8+ Qxe8 40.Bxd5+ Kg7 41.Bxc6 Qxc6 42.Bxf6+ Qxf6 43.Qd7+ Kf8
44.Qd4 Qe6 45.c4 Ke8 46.Kg1 a5 47.Kf2 Qf5+ 48.Ke3 Qb1  1-0

[Event "Bundesliga 2004-5"]
[Site "Stuttgart GER"]
[Date "2004.11.27"]
[Round "3"]
[White "Tischbierek,R"]
[Black "Heinatz,T"]
[Result "1/2-1/2"]
[WhiteElo "2477"]
[BlackElo "2281"]

1.e4 c5 2.Nf3 e6 3.d4 cxd4 4.Nxd4 Nc6 5.Nc3 Qc7 6.f4 d6 7.Be3 Nf6 8.Be2 Be7
9.O-O O-O 10.Kh1 a6 11.Qe1 Nxd4 12.Bxd4 b5 13.Qg3 Bb7 14.a3 Bc6 15.Rae1 Qb7
16.Bd3 b4 17.Nd1 bxa3 18.bxa3 Rad8 19.Nf2 Nh5 20.Qg4 g6 21.f5 e5 22.Be3 Rb8
23.Bh6 Rfc8 24.Qf3 Bb5 25.Ng4 f6 26.Ne3 Bf8 27.Bxf8 Rxf8 28.Nd5 Nf4 29.Nxf4 exf4
30.Qxf4 Qe7 31.fxg6 hxg6 32.Qg3 Be8 33.Bxa6 Qe5 34.Qd3 Bf7 35.Rd1 Rb6 36.Bb5 Qxb5  1/2-1/2

[Event "Bundesliga 2004-5"]
[Site "Bremen GER"]
[Date "2004.11.28"]
[Round "4"]
[White "Medvegy,Z"]
[Black "Pelletier,Y"]
[Result "1-0"]
[WhiteElo "2467"]
[BlackElo "2589"]

1.e4 c5 2.Nc3 e6 3.Nf3 Nc6 4.d4 cxd4 5.Nxd4 Qc7 6.Be3 Nf6 7.Qd2 Bb4 8.f3 Nxd4
9.Qxd4 Bxc3+ 10.Qxc3 Qxc3+ 11.bxc3 d5 12.e5 Nd7 13.f4 Nb6 14.Bd3 Bd7 15.Ke2 Na4
16.Kd2 O-O 17.Rab1 b6 18.Bd4 Rac8 19.h4 Nc5 20.h5 f5 21.exf6 gxf6 22.Rbe1 Rce8
23.g4 Ne4+ 24.Bxe4 dxe4 25.Rhg1 e5 26.fxe5 fxe5 27.Be3 Rf3 28.Ref1 Ref8 29.Rxf3 exf3
30.g5 Bf5 31.c4 Be4 32.Bf2 Rc8 33.c5 Bf5 34.Re1 e4 35.cxb6 axb6 36.Bxb6 Rc4
37.Be3 Bg4 38.h6 Rc6 39.Rb1 Rd6+ 40.Ke1 Kf7 41.Rb7+ Bd7 42.a4 Kg6 43.a5 Bf5
44.Rb6 Rxb6 45.axb6 Bc8 46.c4 Bb7 47.c5 Bc6 48.Kd2 Kf5 49.Kc3 f2 50.Bxf2 Kxg5
51.Kb4 Kf4 52.Ka5 e3 53.Be1  1-0

[Event "17th Belgrade Trophy"]
[Site "Obrenovac SCG"]
[Date "2004.11.28"]
[Round "7"]
[White "Bojovic,D"]
[Black "Cornette,M"]
[Result "0-1"]
[WhiteElo "2166"]
[BlackElo "2373"]

1.e4 c5 2.Nf3 Nc6 3.d4 cxd4 4.Nxd4 e6 5.Nc3 Qc7 6.g3 a6 7.Bg2 d6 8.O-O Bd7
9.Nxc6 Bxc6 10.Re1 Be7 11.Qg4 h5 12.Qe2 h4 13.a4 hxg3 14.hxg3 Nf6 15.Qc4 Rc8
16.a5 Nd7 17.Be3 Ne5 18.Qb3 g5 19.Rad1 g4 20.Bb6 Qd7 21.Bd4 Rh5 22.Ne2 Ba4
23.Qe3 Rxc2 24.b3 Bb5 25.Nf4 Rg5 26.Rc1 Rxc1 27.Rxc1 Nc6 28.Bb6 Rg8 29.Qc3 Bg5
30.Be3 Qd8 31.Bb6 Qf6 32.Qxf6 Bxf6 33.Bf1 Rg5 34.b4 Bd8 35.Be3 Bxf1 36.Kxf1 Rb5
37.Rd1 Bc7 38.Rc1 Rxb4 39.Nd5 exd5 40.exd5 Kd7 41.dxc6+ bxc6 42.Ra1 Rb5 43.Ra4 f5  0-1

[Event "Lushki B"]
[Site "Serpukhov RUS"]
[Date "2004.11.28"]
[Round "14"]
[White "Halyavskiy,N"]
[Black "Kulago,A"]
[Result "1-0"]
[WhiteElo "2300"]
[BlackElo "2095"]

1.e4 c5 2.Nf3 e6 3.d4 cxd4 4.Nxd4 Nc6 5.Nc3 a6 6.Nf3 d6 7.Bd3 Qc7 8.O-O Nf6
9.Bf4 Be7 10.Re1 Ne5 11.Nxe5 dxe5 12.Be3 b5 13.a4 b4 14.Nb1 Bb7 15.Nd2 O-O
16.a5 Bc5 17.Bg5 Nd7 18.Nb3 Ba7 19.Be7 Nc5 20.Bxf8 Nxb3 21.Bxg7 Nxa1 22.Bf6 Bd4
23.Qh5 Kf8 24.Qxh7 Ke8 25.Qg8+ Kd7 26.Qxf7+ Kd6 27.Qxc7+ Kxc7 28.Rxa1 Bxb2
29.Rb1 Bc3 30.g4 Rg8 31.g5 Bc6 32.h4 Kb7 33.f4 Ka7 34.Kg2 Be8 35.Bxe5 Bxe5
36.fxe5 Bh5 37.Rxb4 Rf8 38.Rb6 Rf4 39.Rxa6+ Kb7 40.Rxe6 Rxh4 41.a6+ Ka8 42.Rh6 Rg4+
43.Kh3  1-0

[Event "17th Belgrade Trophy"]
[Site "Obrenovac SCG"]
[Date "2004.11.29"]
[Round "8"]
[White "Bojovic,J"]
[Black "Tuvic,N"]
[Result "1-0"]
[WhiteElo "1930"]
[BlackElo "2049"]

1.e4 c5 2.Nf3 e6 3.d4 cxd4 4.Nxd4 Nc6 5.Nc3 Qc7 6.g3 a6 7.Bg2 d6 8.O-O Bd7
9.Nxc6 bxc6 10.Bf4 Be7 11.Re1 e5 12.Bc1 Nf6 13.Na4 h5 14.c4 c5 15.Nc3 h4
16.Nd5 Nxd5 17.exd5 hxg3 18.fxg3 O-O-O 19.Qf3 Bf6 20.Qa3 Qb7 21.Re3 Rh7 22.Rb3 Qa7
23.Qa5 Rdh8 24.Rb6 Bd8 25.Rxa6 Bxa5 26.Rxa7 Bc7 27.Ra8+ Bb8 28.h4 f5 29.Bg5 Kb7
30.Ra3 Bc7 31.Rf1 Bd8 32.Bxd8 Rxd8 33.Rff3 Rc8 34.Rfb3+ Kc7 35.Ra7+ Kd8 36.Rbb7 g6
37.Rb6 Rc7 38.Raa6 g5 39.hxg5 Rg7 40.Rxd6 Rxg5 41.Kf2 e4 42.Rh6 Rg8 43.b3 Ke8
44.Rh7 Rg5 45.Ra8+ Rc8 46.Rh8+ Ke7 47.Raxc8 Bxc8 48.Rxc8  1-0

[Event "TCh-SLO"]
[Site "Celje SLO"]
[Date "2004.11.30"]
[Round "3"]
[White "Palac,M"]
[Black "Ribli,Z"]
[Result "1/2-1/2"]
[WhiteElo "2543"]
[BlackElo "2603"]

1.e4 c5 2.Nf3 e6 3.d4 cxd4 4.Nxd4 Nc6 5.Nc3 Qc7 6.Be2 a6 7.O-O Nf6 8.Be3 Be7
9.f4 d6 10.a4 O-O 11.Kh1 Re8 12.Bf3 Na5 13.Bg1  1/2-1/2

[Event "XLIII WJun"]
[Site "Kochin IND"]
[Date "2004.11.30"]
[Round "13"]
[White "Deepan,C"]
[Black "Smeets,J"]
[Result "1/2-1/2"]
[WhiteElo "2396"]
[BlackElo "2515"]

1.e4 c5 2.Nf3 e6 3.d4 cxd4 4.Nxd4 Nc6 5.Nc3 Qc7 6.Be3 Nf6 7.Qd2 a6 8.f3 Ne5
9.O-O-O Bb4 10.Nb3 b5 11.Qe1 Bxc3 12.Qxc3 Qxc3 13.bxc3 Bb7 14.Na5 O-O-O 15.Rd6 Nc6
16.Bb6 Ne8 17.Rd2 Nc7 18.c4 Nxa5 19.Bxa5 bxc4 20.Bxc4 d5 21.exd5 Bxd5 22.Bxc7 Kxc7
23.Bxd5 Rxd5 24.Rxd5 exd5 25.Rd1 Kc6 26.Rd3 Re8 27.Kd2 Re7 28.Ra3 Kb5 29.Rd3 Kc4
30.Ra3 Kb5  1/2-1/2

[Event "TCh-SLO"]
[Site "Celje SLO"]
[Date "2004.12.03"]
[Round "6"]
[White "Guid,M"]
[Black "Gjuran,D"]
[Result "1-0"]
[WhiteElo "2258"]
[BlackElo "2285"]

1.e4 c5 2.Nf3 e6 3.d4 cxd4 4.Nxd4 Nc6 5.Nc3 Qc7 6.g3 a6 7.Bg2 Nf6 8.O-O Nxd4
9.Qxd4 Bc5 10.Bf4 d6 11.Qd2 h6 12.Rad1 e5 13.Be3 Ke7 14.Bxc5 Qxc5 15.Na4 Qc7
16.f4 a5 17.Qd3 b5 18.Nc3 Qc5+ 19.Kh1 Be6 20.fxe5 dxe5 21.Nd5+ Bxd5 22.exd5 Qd6
23.Rde1 Rhc8 24.c3 Rc5 25.Qf5 b4 26.Rxe5+ Kf8 27.Qf4 Kg8 28.Re3 Qxf4 29.gxf4 bxc3
30.Rxc3 Rxc3 31.bxc3 Rc8 32.Rc1 Rc5 33.c4 Ng4 34.Kg1 Kf8 35.Rc3 g5 36.h3 Nf6
37.fxg5 hxg5 38.Kf2 Ke7 39.Ke3 Kd6 40.Kd4 Nd7 41.Rf3 f6 42.Rb3 a4 43.Rb4 Ra5
44.Be4 a3 45.Bf5 Ne5 46.c5+ Ke7 47.d6+ Ke8 48.Kd5 Nd7 49.Bxd7+ Kxd7 50.Rb7+ Kc8
51.d7+  1-0

[Event "ch-GRE"]
[Site "Athens GRE"]
[Date "2004.12.04"]
[Round "1"]
[White "Tsanas,A"]
[Black "Mastrovasilis,D"]
[Result "0-1"]
[WhiteElo "2283"]
[BlackElo "2574"]

1.e4 c5 2.Nf3 e6 3.d4 cxd4 4.Nxd4 Nc6 5.Nc3 Qc7 6.g3 a6 7.Bg2 d6 8.O-O Be7
9.Re1 Bd7 10.Nxc6 bxc6 11.Na4 Rb8 12.c4 c5 13.Nc3 Bf6 14.f4 Bd4+ 15.Be3 Bxc3
16.bxc3 Ne7 17.Re2 O-O 18.Rd2 Rbd8 19.Rb1 Bc6 20.Qe2 h6 21.Qf2 Rfe8 22.e5 Bxg2
23.Kxg2 dxe5 24.Rxd8 Rxd8 25.Bxc5 Nf5 26.g4 Qc6+ 27.Kg1 Nh4 28.Rf1 e4 29.Qxh4 Qxc5+
30.Kh1 Rd2 31.g5 Qxc4  0-1

[Event "Extraliga CZE 2004-5"]
[Site "Czech Rep CZE"]
[Date "2004.12.04"]
[Round "3"]
[White "Gross,Dav CZE"]
[Black "Suran,J"]
[Result "1/2-1/2"]
[WhiteElo "2400"]
[BlackElo "2394"]

1.e4 c5 2.Nf3 Nc6 3.d4 cxd4 4.Nxd4 e6 5.Nc3 Qc7 6.f4 a6 7.Nxc6 Qxc6 8.Bd3 b5
9.Qe2 Bb7 10.Bd2 Rc8 11.O-O Be7 12.Rae1 b4 13.Nd1 Nf6 14.Nf2 O-O 15.Qf3 g6
16.Qh3 Nh5 17.Ng4 Bc5+ 18.Kh1 f5 19.Ne5 Qc7 20.exf5 exf5 21.c3 d6 22.cxb4 dxe5
23.bxc5 exf4 24.Bc4+ Kg7 25.Bc3+ Kh6 26.Be5 Qxc5 27.Bxf4+ Kg7 28.Be5+ Nf6
29.b3 Bd5 30.Bxf6+ Rxf6 31.Bxd5 Qxd5 32.Re7+ Rf7 33.Rxf7+ Qxf7 34.Qd3 Rc6
35.h3 h5 36.Rd1 Re6 37.Qd8 Qe8 38.Rd7+ Kh6 39.Qxe8 Rxe8 40.Rd6 Ra8 41.Kg1  1/2-1/2

[Event "Extraliga CZE 2004-5"]
[Site "Czech Rep CZE"]
[Date "2004.12.04"]
[Round "3"]
[White "Walek,M"]
[Black "Chloupek,S"]
[Result "1/2-1/2"]
[WhiteElo "2389"]
[BlackElo "2323"]

1.e4 c5 2.Nf3 e6 3.d4 cxd4 4.Nxd4 Nc6 5.Nc3 Qc7 6.Be3 a6 7.Bd3 Nf6 8.O-O b5
9.Nxc6 Qxc6 10.f3 Bb7 11.a4 Bc5 12.Qe2 b4 13.Nb1 O-O 14.Nd2 e5 15.Nb3 Bxe3+
16.Qxe3 a5 17.Bb5 Qc7 18.Rac1 Ba6 19.c4 bxc3 20.Rxc3 Qa7 21.Qxa7 Rxa7 22.Rc5 d6
23.Rc6 Bxb5 24.axb5 Rb7 25.b6 Rfb8 26.Rfc1 Kf8 27.Rc8+ Rxc8 28.Rxc8+ Ke7
29.Nxa5 Rxb6 30.Rc7+ Ke8 31.Nc4 Ra6 32.b4 d5 33.exd5 Nxd5 34.Rb7 Nf4 35.g3 Nd3
36.b5 Ra1+ 37.Kg2 Ra2+ 38.Kh3 Nf2+ 39.Kh4 Ra4 40.Rc7 e4 41.g4 exf3 42.b6 Kd8
43.Kg3 Nxg4 44.Nd6 Rb4 45.Nb7+ Ke8 46.Nd6+ Kd8 47.Nb7+ Ke8  1/2-1/2